00970nam a2200253 a 450000100100000000500170001000800410002704000250006804100380009308200200013110000270015124000410017824500570021926000340027630000280031049000320033853400980037050000210046865000370048983000400052604900090056695201240057599900170069900001956920200929170048.0100630s1972 mx a 000 0 spa d aDO-SdBNPbspacBNPHU17aspaheng2Código de idioma MARC a301.0175bR451p1 aRevelle, Roger,94198010aRapid population growth.lEspañol.10aPaternidad responsable /cRoger Revelle [et al.] ... aMéxico :bAsociados,c1972. a216 p. :bil. ;c20 cm.1 aActualidad políticosocial pTítulo original en inglés:tRapid population growth.cBaltimore : The Johns Hopkins, 1971 aIncluye índice 4aPaternidad (psicología)941981 0aActualidad políticosocial.941982 aBNGR 001054708MOaGRbGRcCTd2010-06-30iLF1l0o301.0175 R451pp19569-10r2020-06-25w2020-06-25y4ZPréstamo en sala c19085d19085